| 000 | 03112nam0a2200493 4500 | ||
|---|---|---|---|
| 001 | RU\NLR\BIBL_A\011364527 | ||
| 005 | 20260407093008.0 | ||
| 021 |
_aRU _b2017-12284 _9904 |
||
| 029 | 1 | 0 |
_aRU _b22745-1-2016 _cГОСТ ISO |
| 035 | _a(RuMoRGB)008802838 | ||
| 035 | _a(NLR Aleph) 011364527 | ||
| 090 |
_a11317059 _c11317059 |
||
| 100 | _a20170411d2017 k y0rusy50 ca | ||
| 101 | 0 | _arus | |
| 102 | _aRU | ||
| 105 | _aa l 000|y | ||
| 200 | 1 |
_aСистемы промышленной автоматизации и интеграция _iОткрытые технические словари и их применение к основным данным. _hч. 1 _iОбщие сведения и основополагающие принципы _dIndustrial automation systems and integration. Open technical dictionaries and their application to master data. Part 1. Overview and fundamental principles _zeng _eГОСТ ISO 22745-1-2016 _fподготовлен Федеральным бюджетным учреждением "Консультационно-внедренческая фирма в области международной стандартизации и сертификации - "Фирма "Интерстандарт" (ФБУ "КВФ "Интерстандарт") |
|
| 205 | _aИзд. офиц. | ||
| 210 |
_aМосква _cСтандартинформ _d2017 |
||
| 215 |
_aVI, 20 c. _cил. _d29 |
||
| 225 | 1 |
_aМежгосударственный стандарт _fМежгосударственный совет по стандартизации, метрологии и сертификации |
|
| 239 | _aВвед. 01.04.2017 с правом досрочного применения | ||
| 320 | _aБиблиогр.: с. 19 (16 назв.) | ||
| 510 | 1 |
_aIndustrial automation systems and integration _zeng |
|
| 510 | 1 |
_aOpen technical dictionaries and their application to master data _zeng |
|
| 510 | 1 |
_aOverview and fundamental principles _zeng |
|
| 517 | 1 | _aГОСТ ISO 22745-1-2016 | |
| 606 | 1 |
_aТехника _jСтандарты _xСловари _91755468 _3RU\NLR\AUTH\661082234 |
|
| 610 | 0 | _aоткрытый технический словарь | |
| 610 | 0 | _aмодель данных | |
| 610 | 0 | _aзначение свойства | |
| 610 | 0 | _aруководство по идентификации | |
| 610 | 0 | _aтипы концептов | |
| 675 | _a681.3.01.016:006.354 | ||
| 686 |
_a25.040.01 _v2000 _2МКС |
||
| 686 |
_aП87 _2классификатор |
||
| 686 | 1 | _aЖ.я2я861 | |
| 712 | 0 | 2 |
_4725 _aМежгосударственный совет по стандартизации, метрологии и сертификации _3RU\NLR\AUTH\8823529 _9321571 |
| 712 | 0 | 2 |
_4900 _a"Интерстандарт", консультационно-внедренческая фирма в области международной стандартизации и сертификации _cМосква _9544950 _3RU\NLR\AUTH\880440381 |
| 942 | _cBOOK | ||
| 980 | _aNBR | ||